ბათუმის შოთა რუსთაველის სახელმწიფო უნივერსიტეტის ბიბლიოთეკა

მეჩაიეობა (ბიბ.ჩანაწერი № 44607)

000 -LEADER
fixed length control field 00774nam a2200229Ia 4500
001 - CONTROL NUMBER
control field 11410
003 - CONTROL NUMBER IDENTIFIER
control field GE_BSU
008 - FIXED-LENGTH DATA ELEMENTS--GENERAL INFORMATION
fixed length control field 181216s||||||||xx |||||||||||||| ||und||
040 ## - CATALOGING SOURCE
Transcribing agency GE_BSU
080 ## - UNIVERSAL DECIMAL CLASSIFICATION NUMBER
Universal Decimal Classification number 663.72(075.8)
100 ## - MAIN ENTRY--PERSONAL NAME
Personal name ჩხაიძე გ.
245 ## - TITLE STATEMENT
Title მეჩაიეობა
245 ## - TITLE STATEMENT
Remainder of title სახელმძღვანელო სუბტროპიკული მეურნეობის ინსტიტუტის სტუდენტებისათვის
245 ## - TITLE STATEMENT
Statement of responsibility, etc. რედ: პ. ვეშაპიძე
260 ## - PUBLICATION, DISTRIBUTION, ETC.
Place of publication, distribution, etc. თბილისი.
260 ## - PUBLICATION, DISTRIBUTION, ETC.
Name of publisher, distributor, etc. განათლება.
260 ## - PUBLICATION, DISTRIBUTION, ETC.
Date of publication, distribution, etc. 1989
300 ## - PHYSICAL DESCRIPTION
Extent 364გვ.22სმ.
300 ## - PHYSICAL DESCRIPTION
Accompanying material ილ.
653 ## - INDEX TERM--UNCONTROLLED
Uncontrolled term მეჩაიეობა
942 ## - ADDED ENTRY ELEMENTS (KOHA)
Koha item type წიგნი
ეგზემპლარები
Withdrawn status Lost status Damaged status Not for loan Date acquired Barcode Date last seen Price effective from Koha item type
        2018-12-17 19740 2018-12-17 2018-12-17 წიგნი
        2018-12-17 19741 2018-12-17 2018-12-17 წიგნი
        2018-12-17 19742 2018-12-17 2018-12-17 წიგნი
        2018-12-17 19743 2018-12-17 2018-12-17 წიგნი
        2018-12-17 19744 2018-12-17 2018-12-17 წიგნი
        2018-12-17 19745 2018-12-17 2018-12-17 წიგნი
        2018-12-17 19746 2018-12-17 2018-12-17 წიგნი
        2018-12-17 19747 2018-12-17 2018-12-17 წიგნი
        2018-12-17 19748 2018-12-17 2018-12-17 წიგნი
        2018-12-17 19749 2018-12-17 2018-12-17 წიგნი
        2018-12-17 19750 2018-12-17 2018-12-17 წიგნი
        2018-12-17 19751 2018-12-17 2018-12-17 წიგნი
        2018-12-17 19752 2018-12-17 2018-12-17 წიგნი
        2018-12-17 19753 2018-12-17 2018-12-17 წიგნი
        2018-12-17 19754 2018-12-17 2018-12-17 წიგნი
        2018-12-17 19755 2018-12-17 2018-12-17 წიგნი
        2018-12-17 19756 2018-12-17 2018-12-17 წიგნი
        2018-12-17 19757 2018-12-17 2018-12-17 წიგნი
        2018-12-17 19758 2018-12-17 2018-12-17 წიგნი
        2018-12-17 19759 2018-12-17 2018-12-17 წიგნი
        2018-12-17 19760 2018-12-17 2018-12-17 წიგნი
        2018-12-17 19761 2018-12-17 2018-12-17 წიგნი
        2018-12-17 19762 2018-12-17 2018-12-17 წიგნი
        2018-12-17 19763 2018-12-17 2018-12-17 წიგნი
        2018-12-17 19764 2018-12-17 2018-12-17 წიგნი
        2018-12-17 19765 2018-12-17 2018-12-17 წიგნი
        2018-12-17 19766 2018-12-17 2018-12-17 წიგნი
        2018-12-17 19767 2018-12-17 2018-12-17 წიგნი
        2018-12-17 19768 2018-12-17 2018-12-17 წიგნი
        2018-12-17 19769 2018-12-17 2018-12-17 წიგნი
        2018-12-17 19770 2018-12-17 2018-12-17 წიგნი
        2018-12-17 19771 2018-12-17 2018-12-17 წიგნი
        2018-12-17 19772 2018-12-17 2018-12-17 წიგნი
        2018-12-17 19773 2018-12-17 2018-12-17 წიგნი
        2018-12-17 19774 2018-12-17 2018-12-17 წიგნი
        2018-12-17 19775 2018-12-17 2018-12-17 წიგნი
        2018-12-17 19776 2018-12-17 2018-12-17 წიგნი
        2018-12-17 19777 2018-12-17 2018-12-17 წიგნი
        2018-12-17 19778 2018-12-17 2018-12-17 წიგნი
        2018-12-17 19779 2018-12-17 2018-12-17 წიგნი